00258nam a2200097Ia 4500001000800000005001700008008004100025020001800066245005700084260001900141127602120260417160439.0260417s9999 xx 000 0 und d a9786256999275 0aKitap Yiyen Olağanüstü ÇocukcOliver Jeffers bKetebe Çocuk